000 nam a22 7a 4500
999 _c7204
_d7204
008 170728b xxu||||| |||| 00| 0 eng d
100 _93780
_aGanz E. Nancy
245 _aLeviticus
_bA commentary for children
260 _aAmerica
_bSepherd press